000 01400cab a2200241 ab4500
005 20250603132510.0
008 991125s2016 ag fr p o 000 0 spa d
035 _aUPN01000233934
040 _aMX-MxUPN
_bspa
_cMX-MxUPN
_eaacr2
049 _aART-E
100 1 _aTorres, Carlos Alberto
_6- catnovoa@aol.com
_921370
245 1 0 _aCiudadanía global y el rol de las universidades
_h[recurso electrónico en línea]
506 0 _aAcceso abierto
520 3 _aEste paper discute el rol de las universidades en el contexto de los procesos de globalización y la búsqueda de una educación para la ciudadanía global (Ki-Moon, 2012). La primera sección habla sobre las interconexiones entre las globalizaciones y la educación para la ciudadanía plural y global. La segunda parte ofrece un análisis teórico de las agendas alternativas que emergen de la dinámica de lo global y lo local. La tercera parte se enfoca en el rol de las universidades, distinguiendo entre universidades globales y universidades nacionales. RELEC
653 0 _aCiudadanía global
653 0 _aGlobalización
653 0 _aUniversidad nacional
773 _gVol. 7, no. 10, (2016), p. 97-110
_tRELEC : revista latinoamericana de educación comparada
_x1853-3744
856 4 _uhttps://dialnet.unirioja.es/servlet/articulo?codigo=6562412
902 _aLeonor Sotres/030625
905 _aArticulo
942 _cART-E
999 _c206029
_d206029